Cómo formar la personalidad del niño
Bewaard in:
| Hoofdauteur: | |
|---|---|
| Formaat: | Boek |
| Taal: | Spaans |
| Gepubliceerd in: |
Barcelona
Ceac
1984
|
| Reeks: | Colección Educación y Enseñanza
|
| Onderwerpen: | |
| Tags: |
Voeg label toe
Geen labels, Wees de eerste die dit record labelt!
|
MARC
| LEADER | 00000nam a2200000 a 4500 | ||
|---|---|---|---|
| 001 | UCW3336 | ||
| 003 | CL-VaPUC | ||
| 008 | 880722e19840000SP |||||||||||||||||spa|d | ||
| 082 | 0 | 4 | |a 155.2 |b TAY |2 21 |
| 100 | 0 | |a Taylor, Barbara J |e author |9 307540 | |
| 245 | 1 | 0 | |a Cómo formar la personalidad del niño |
| 300 | |a 288 p | ||
| 942 | |c BK | ||
| 945 | |d 19880722 00:00:00 | ||
| 260 | |a Barcelona |b Ceac |c 1984 | ||
| 650 | 0 | |a Personalidad |9 307255 | |
| 650 | 0 | |a Psicología del niño |9 307305 | |
| 650 | 0 | |a Psicología del desarrollo |9 307541 | |
| 583 | |a last modification |c 20130106 10:31:53 |k Rodrigo Vera | ||
| 490 | 0 | |a Colección Educación y Enseñanza | |
| 999 | |c 217410 |d 217408 | ||
| 952 | |0 0 |1 0 |4 0 |6 155_200000000000000_TAY_1984 |7 0 |8 A |9 204905 |a BIBEDU |b BIBEDU |d 2019-11-15 |i 2726998 |o 155.2 TAY 1984 |p 2726998 |r 2019-11-15 |w 2019-11-15 |y BK |k EDU | ||